000 00579nam a2200181 a 4500
005 20240919063726.0
008 991125s1989 mx 000 0 spa u
020 _a9681831128
035 _aUPN01000058870
049 _aCG
050 4 _aF1235
_aB3.9
100 1 _aBasave Fernández del Valle, Agustín,
_d1923-2006
_937189
245 1 0 _aVocación y estilo de México :
_bfundamentos de la mexicanidad /
_cAgustín Basave Fernández del Valle.
260 _aMéxico :
_bLimusa :
_bNoriega,
_c1989.
300 _a1050 p.
651 4 _aMéxico
_xCivilización
_95406
905 _aLibro
999 _c58870
_d58870